000 00410nam a2200157Ia 4500
008 200103s9999||||xx |||||||||||||| ||und||
020 _a9788129704641
040 _aIMU-MPC
082 _aColumn-25
100 _aYoung, Hugh D. and Freedman Roger A.
245 0 _aUniversity Physics with Modern Physics
250 _a11th Ed.
260 _bPearson Education, Asia
_c2004
300 _axxi, 1761
942 _cBK
999 _c6897
_d6897